🌸 Pink Map Quiz - Name World Countries - Statistics

General Stats
  • This quiz has been taken 894 times
  • The average score is 155 of 196
Answers on the Map
Answers color-coded by a green-red scale on the quiz's map according to % correct below.
 
Answer Stats
Answer % Correct
Canada
95%
United States
95%
Mexico
91%
Brazil
89%
Argentina
88%
Russia
88%
United Kingdom
88%
Chile
87%
China
87%
Denmark
87%
France
87%
Iceland
87%
Ireland
87%
Norway
87%
Spain
87%
Sweden
87%
Australia
86%
Colombia
86%
Cuba
86%
Germany
86%
India
86%
Portugal
86%
South Africa
86%
Egypt
85%
Finland
85%
Iran
85%
Italy
85%
Japan
85%
Peru
85%
Turkey
85%
Ukraine
85%
Uruguay
85%
Venezuela
85%
Indonesia
84%
Mongolia
84%
North Korea
84%
Poland
84%
South Korea
84%
Belgium
83%
Bolivia
83%
Greece
83%
Hungary
83%
Iraq
83%
Kazakhstan
83%
Madagascar
83%
Netherlands
83%
New Zealand
83%
Pakistan
83%
Panama
83%
Paraguay
83%
Switzerland
83%
Vietnam
83%
Afghanistan
82%
Algeria
82%
Austria
82%
D.R. Congo
82%
Ecuador
82%
Estonia
82%
Morocco
82%
Niger
82%
Romania
82%
Saudi Arabia
82%
Slovakia
82%
Sudan
82%
Thailand
82%
Belarus
81%
Croatia
81%
Ethiopia
81%
Guatemala
81%
Haiti
81%
Honduras
81%
Latvia
81%
Libya
81%
Lithuania
81%
Luxembourg
81%
Nepal
81%
Nigeria
81%
Philippines
81%
South Sudan
81%
United Arab Emirates
81%
Vatican City
81%
Albania
80%
Bahamas
80%
Bosnia andHerzegovina
80%
Bulgaria
80%
Costa Rica
80%
Czech Republic
80%
Dominica
80%
Dominican Republic
80%
Israel
80%
Oman
80%
Papua New Guinea
80%
Rep. of the Congo
80%
Slovenia
80%
Somalia
80%
Sri Lanka
80%
Uzbekistan
80%
Yemen
80%
Armenia
79%
Bangladesh
79%
Belize
79%
Cambodia
79%
Chad
79%
El Salvador
79%
Guyana
79%
Jamaica
79%
Jordan
79%
Kenya
79%
Laos
79%
Myanmar
79%
North Macedonia
79%
Serbia
79%
Syria
79%
Tunisia
79%
Turkmenistan
79%
Andorra
78%
Azerbaijan
78%
Georgia
78%
Guinea
78%
Liechtenstein
78%
Mali
78%
Malta
78%
Moldova
78%
Monaco
78%
Nicaragua
78%
San Marino
78%
Suriname
78%
Zimbabwe
78%
Angola
77%
Bhutan
77%
Cyprus
77%
Ghana
77%
Kosovo
77%
Malaysia
77%
Montenegro
77%
Qatar
77%
Tajikistan
77%
Zambia
77%
Central AfricanRepublic
76%
Ivory Coast
76%
Kyrgyzstan
76%
Maldives
76%
Togo
76%
Botswana
75%
Cameroon
75%
Lesotho
75%
Mozambique
75%
Namibia
75%
Rwanda
75%
Senegal
75%
Singapore
75%
Taiwan
75%
Tanzania
75%
Uganda
75%
Antigua and Barbuda
74%
Benin
74%
Fiji
74%
Kuwait
74%
Lebanon
74%
Mauritania
74%
Barbados
73%
Equatorial Guinea
73%
Eritrea
73%
Eswatini
73%
Gambia
73%
Liberia
73%
Seychelles
73%
St. Lucia
73%
Bahrain
72%
Burkina Faso
72%
Cape Verde
72%
Djibouti
72%
East Timor
72%
F.S. Micronesia
72%
Gabon
72%
Guinea-Bissau
72%
Mauritius
72%
St. Kitts and Nevis
72%
Trinidad and Tobago
72%
Burundi
71%
Malawi
71%
Sierra Leone
71%
Brunei
70%
São Tomé and Príncipe
70%
St. Vincent and theGrenadines
70%
Comoros
69%
Grenada
69%
Kiribati
69%
Samoa
69%
Solomon Islands
69%
Tuvalu
69%
Marshall Islands
68%
Nauru
68%
Palau
68%
Vanuatu
67%
Tonga
65%
No matching quizzes found
Score Distribution
Percent of People with Each Score
Percentile by Number Answered
Your Score History
You have not taken this quiz